[Event "RUS Cup Qualifier 2"]
[Site "chessassistantclub.com INT"]
[Date "2004.09.30"]
[Round "?"]
[White "Grebionkin, Vladimir"]
[Black "Zontakh, Andrey"]
[Result "1-0"]
[WhiteElo "2462"]
[BlackElo "2531"]
[PlyCount "145"]
[EventDate "2004.09.30"]
[EventType "swiss (blitz)"]
[EventRounds "13"]
[EventCountry "RUS"]
[SourceTitle "EXT 2006"]
[Source "ChessBase"]
[SourceDate "2005.11.24"]
[SourceVersion "1"]
[SourceVersionDate "2005.11.24"]
[SourceQuality "1"]

1. d4 Nf6 2. c4 e6 3. Nc3 Bb4 4. Qc2 0-0 5. a3 Bxc3+ 6. Qxc3 b6 7. Bg5 Bb7 8. f3 h6 9. Bh4 d5 10. e3 c5 11. dxc5 bxc5 12. cxd5 Bxd5 13. Qxc5 Nbd7 14. Qd4 Qa5+ 15. b4 Qa4 16. Ne2 e5 17. Qd2 Be6 18. Nc3 Qb3 19. Be2 Nb6 20. Bxf6 gxf6 21. Bd1 Qc4 22. Rc1 Rfd8 23. Qe2 Rac8 24. 0-0 Qxe2 25. Bxe2 Bc4 26. Rfd1 Bxe2 27. Nxe2 Rxc1 28. Rxc1 Rd3 29. Kf2 Rxa3 30. Ng3 Nd5 31. Nf5 Rc3 32. Rd1 Nxb4 33. Rd7 Kh7 34. g4 Kg8 35. Nxh6+ Kf8 36. Rxf7+ Ke8 37. Rxa7 Nd5 38. Nf5 Rc1 39. Kg3 Rg1+ 40. Kf2 Rh1 41. Kg2 Re1 42. h4 Nxe3+ 43. Kf2 Nc2 44. Rc7 Rh1 45. Kg2 Rc1 46. Kg3 Rg1+ 47. Kh2 Rf1 48. Rxc2 Rxf3 49. Kg2 e4 50. Re2 Rf4 51. Kg3 Rf3+ 52. Kg2 Rf4 53. Ne3 Kf7 54. Rf2 Rxf2+ 55. Kxf2 Kg6 56. Kg3 Kf7 57. Kf4 Kg6 58. Kxe4 Kh6 59. Kf5 Kg7 60. h5 Kh6 61. Nd5 Kg7 62. Nxf6 Kh6 63. g5+ Kg7 64. h6+ Kh8 65. Ne4 Kh7 66. Kf6 Kh8 67. g6 Kg8 68. Nc5 Kh8 69. Ne6 Kg8 70. g7 Kh7 71. Kf7 Kxh6 72. g8Q Kh5 73. Qg5# 1-0

[Event "RUS Cup Qualifier 2"]
[Site "chessassistantclub.com INT"]
[Date "2004.09.30"]
[Round "?"]
[White "Lubashov, Alexei"]
[Black "Grebionkin, Vladimir"]
[Result "1-0"]
[WhiteElo "2411"]
[BlackElo "2462"]
[PlyCount "125"]
[EventDate "2004.09.30"]
[EventType "swiss (blitz)"]
[EventRounds "13"]
[EventCountry "RUS"]
[SourceTitle "EXT 2006"]
[Source "ChessBase"]
[SourceDate "2005.11.24"]
[SourceVersion "1"]
[SourceVersionDate "2005.11.24"]
[SourceQuality "1"]

1. g3 c5 2. Bg2 g6 3. e4 Nc6 4. f4 Bg7 5. Nf3 d6 6. 0-0 e5 7. Nc3 Nge7 8. d3 0-0 9. Be3 exf4 10. gxf4 f5 11. Qd2 h6 12. Rae1 Be6 13. Bf2 Qd7 14. d4 cxd4 15. Nxd4 Nxd4 16. Bxd4 Bxd4+ 17. Qxd4 Nc6 18. Qd2 Rae8 19. exf5 Bxf5 20. Rxe8 Rxe8 21. Nd5 Kf7 22. Kh1 Qd8 23. Ne3 Qf6 24. Nxf5 gxf5 25. Bd5+ Kg7 26. c3 Kh7 27. Re1 Re7 28. h3 Qh4 29. Re3 Rg7 30. Rf3 Qh5 31. Kh2 Qg6 32. Qf2 Re7 33. Qg2 Qxg2+ 34. Kxg2 Re2+ 35. Rf2 Rxf2+ 36. Kxf2 Nd8 37. a4 b6 38. b4 Kg6 39. a5 Kf6 40. axb6 axb6 41. Ke3 Ke7 42. Kd4 Kd7 43. Kc4 Kc7 44. Kb5 Kc8 45. Kxb6 Kb8 46. c4 Kc8 47. c5 dxc5 48. bxc5 Kb8 49. c6 Nxc6 50. Kxc6 Kc8 51. Kd6 Kd8 52. Ke6 Ke8 53. Kxf5 Ke7 54. Kg6 Kf8 55. f5 Ke8 56. f6 Kd8 57. f7 Kd7 58. f8Q Kc7 59. Qc5+ Kd7 60. Qc6+ Ke7 61. Be6 h5 62. Qd7+ Kf8 63. Qd8# 1-0

[Event "RUS Cup Qualifier 1"]
[Site "chessassistantclub.com INT"]
[Date "2004.09.07"]
[Round "?"]
[White "Grebionkin, Vladimir"]
[Black "Ulko, Jaroslav"]
[Result "1-0"]
[WhiteElo "2462"]
[BlackElo "2481"]
[PlyCount "75"]
[EventDate "2004.09.07"]
[EventType "swiss (blitz)"]
[EventRounds "13"]
[EventCountry "RUS"]
[SourceTitle "EXT 2006"]
[Source "ChessBase"]
[SourceDate "2005.11.24"]
[SourceVersion "1"]
[SourceVersionDate "2005.11.24"]
[SourceQuality "1"]

1. d4 Nf6 2. c4 d6 3. Nf3 g6 4. Nc3 Bg7 5. e4 0-0 6. Be2 e5 7. 0-0 Nc6 8. d5 Ne7 9. b4 a5 10. Ba3 Nh5 11. c5 Nf4 12. bxa5 Rxa5 13. Bb4 Nxe2+ 14. Qxe2 Ra6 15. a4 f5 16. Ng5 h6 17. cxd6 cxd6 18. Ne6 Bxe6 19. dxe6 Qc8 20. Nd5 Re8 21. Rac1 Rc6 22. Rxc6 bxc6 23. Nxe7+ Rxe7 24. Bxd6 Rxe6 25. Bc5 Kh8 26. a5 Bf8 27. Bxf8 Qxf8 28. Qc4 Qd6 29. a6 Re7 30. exf5 gxf5 31. g3 Kg7 32. Rc1 Rc7 33. Rb1 Kg6 34. Rb7 Qd1+ 35. Kg2 Qd8 36. Qe6+ Kh7 37. Qxf5+ Kg8 38. Qxe5 1-0

[Event "RUS Cup Qualifier 1"]
[Site "chessassistantclub.com INT"]
[Date "2004.09.07"]
[Round "?"]
[White "Iljushin, Alexei"]
[Black "Grebionkin, Vladimir"]
[Result "0-1"]
[WhiteElo "2553"]
[BlackElo "2462"]
[PlyCount "108"]
[EventDate "2004.09.07"]
[EventType "swiss (blitz)"]
[EventRounds "13"]
[EventCountry "RUS"]
[SourceTitle "EXT 2006"]
[Source "ChessBase"]
[SourceDate "2005.11.24"]
[SourceVersion "1"]
[SourceVersionDate "2005.11.24"]
[SourceQuality "1"]

1. d4 Nf6 2. c4 g6 3. Nc3 d5 4. cxd5 Nxd5 5. Bd2 Bg7 6. e4 Nb6 7. Be3 0-0 8. Be2 Nc6 9. Nf3 Bg4 10. d5 Bxf3 11. Bxf3 Ne5 12. Be2 Nec4 13. Bc1 c6 14. dxc6 bxc6 15. Qc2 Qd4 16. 0-0 Rfd8 17. a4 Qc5 18. Ra2 Qb4 19. Bg5 h6 20. Bc1 Rd7 21. Nb1 Na5 22. Bd2 Qb3 23. Qxb3 Nxb3 24. Bc3 a5 25. Ra3 Nc5 26. Bxg7 Kxg7 27. Rc3 Nxe4 28. Rxc6 Nxa4 29. Bf3 Rd4 30. Nc3 Naxc3 31. bxc3 Ra4 32. Rd1 Rb8 33. h4 Nd6 34. Rc7 Kf6 35. Re1 e6 36. Rd1 Rb6 37. Bc6 Nb5 38. Bxb5 Rxb5 39. c4 Rf5 40. c5 h5 41. g3 Rc4 42. Rdd7 Kg7 43. c6 a4 44. Rc8 a3 45. Ra7 Rc1+ 46. Kg2 Rc2 47. Ra4 Rfxf2+ 48. Kg1 Rg2+ 49. Kf1 Rh2 50. Kg1 a2 51. c7 Rhd2 52. Rg8+ Kxg8 53. c8Q+ Rxc8 54. Rf4 Rc1+ 0-1